Quizzes
Events
Quiz Creation
Community
Videos
Private Events
Remove Ads
Sign In
Join for FREE
Feedback
Dark Mode
Quiz Categories
Sports
Geography
Music
Movies
Television
Just For Fun
Miscellaneous
History
Literature
Language
Science
Gaming
Entertainment
Religion
Holiday
For Kids
Quiz Lab
Recent
Popular Today
Quiz Kudos Today
Editor Picks
Curator Picks
Quizzes by...
Day
Popularity
Type
Ratings
Length
Year
Community
Subscriptions
Recent Discussions
Orange Saloon
Badges
Playlists
Quests
Create
Leaderboards
Showdown
Live 5
Trivia Bingo
Activity
Puzzle Library
Sporcle Events
Private Events
Virtual Trivia
Globe League
Become a Host
Pub Owners
SporcleCon
Opinionation
Our Games
Videos
Blog
Mobile Apps
Partnerships
Remove Ads and Go Orange
Feedback
Television
TV Characters
TV Show
Sitcom
Network
Friends
Reality Shows
Cast
South Park
Star Trek
The Simpsons
Doctor Who
Television
TV Characters
TV Show
Sitcom
Network
Friends
Reality Shows
Cast
South Park
Star Trek
The Simpsons
Doctor Who
Random Quiz
Search Sporcle
×
Quiz Lab
Quiz Lab
Television
Show
Type in answers that appear in a list
Type in answers that appear in a list
Classic
Best Score? Go Orange.
One-time Game Show Hosts Stats
Can you name the American game show hosts, who only hosted one game show?
By
dc446
10m
107 Questions
47 Plays
47 Plays
47 Plays
Comments
Comments
Give Quiz Kudos
Give Quiz Kudos
-
- Ratings
hide this ad
More Info
Random Order
Randomize order of answers
Randomize order of answers
Replay
Link that replays current quiz
Next Quiz
Link to next quiz in quiz playlist
You Got
0%
They Got
Avg Score
30%
Avg Friend Score
Upgrade to see
Score Distribution
Jump to the score distribution portion of the page
Score
0/107
Timer
10:00
0
Plays Today
Show
Host
% Correct
Family Feud
Steve Harvey
66%
Win Ben Stein's Money
Ben Stein
61.7%
Friend Or Foe?
Kennedy
59.6%
1 vs. 100
Bob Saget
59.6%
Family Feud
Louie Anderson
57.4%
Minute To Win It
Guy Fieri
53.2%
Where In The World Is Carmen Sandiego?
Greg Lee
53.2%
Hollywood Game Night
Jane Lynch
51.1%
Figure It Out
Summer Sanders
48.9%
Who Wants To Be A Millionaire?
Meredith Vieira
48.9%
You Bet Your Life
Bill Cosby
46.8%
Legends Of The Hidden Temple
Kirk Fogg
46.8%
2 Minute Drill
Kenny Mayne
46.8%
The $1.98 Beauty Show
Rip Taylor
46.8%
Just Men!
Betty White
46.8%
Total Blackout
Jaleel White
46.8%
I've Got A Secret
Steve Allen
44.7%
The New Price Is Right
Doug Davidson
44.7%
Double Dare 2000
Jason Harris
44.7%
Knockout
Arte Johnson
44.7%
Stump The Schwab
Stuart Scott
44.7%
Judge For Yourself
Fred Allen
42.6%
Win, Lose, Or Draw
Vicki Lawrence
42.6%
Think Fast
Gypsy Rose Lee
42.6%
Show Me The Money
William Shatner
42.6%
Merv Griffin's Crosswords
Ty Treadway
42.6%
The Gong Show
Chuck Barris
40.4%
Let's Make A Deal
Billy Bush
40.4%
Think Fast!
Michael Carrington
40.4%
Who Wants To Be A Millionaire?
Terry Crews
40.4%
What's My Line?
John Charles Daly
40.4%
Lingo
Bill Engvall
40.4%
The Chair
John McEnroe
40.4%
Go
Kevin O'Connell
40.4%
Twenty One
Maury Povich
40.4%
You Don't Know Jack
Paul Reubens
40.4%
Show
Host
% Correct
Mind Of A Man
DeRay Davis
38.3%
You're In The Picture
Jackie Gleason
38.3%
Identity
Penn Jillette
38.3%
Chain Reaction
Dylan Lane
38.3%
Tic-
Tac-
Dough
Patrick Wayne
38.3%
The Newlywed Game
Paul Rodriguez
37.5%
Burt Luddin's Love Buffet
John Cervenka
36.2%
Contraption
Ralph Harris
36.2%
The Dating Game
Elaine Joyce
36.2%
Think Fast!
Skip Lackey
36.2%
Don't Forget The Lyrics!
Mark McGrath
36.2%
Scramble
Randall Cunningham
34%
Don't Forget Your Toothbrush!
Mark Curry
34%
You Bet Your Life
Buddy Hackett
34%
Sweethearts
Charles Nelson Reilly
34%
Caesar's Challenge
Ahmad Rashad
34%
Supermarket Sweep
David Ruprecht
34%
Make The Grade
Lew Schneider
34%
To Tell The Truth
Lynn Swann
34%
The Big Payoff
Mort Lawrence
31.9%
Concentration
Hugh Downs
29.8%
Cram
Graham Elwood
29.8%
Gameshow Marathon
Ricki Lake
29.8%
The Newlywed Game
Carnie Wilson
29.8%
Wheel Of Fortune
Rolf Benirschke
27.7%
Starface
Danny Bonaduce
27.7%
The Newlywed Game
Sheri Shepherd
27.7%
Bingo America
Patrick Duffy
25.5%
Face The Music
Ron Ely
25.5%
Finders Keepers
Wesley Eure
25.5%
The Gong Show
Dave Attell
23.4%
How Much Is Enough?
Corbin Bernsen
23.4%
Downfall
Chris Jericho
23.4%
Balderdash
Elayne Boosler
21.3%
What's My Line
Wally Bruner
21.3%
Truth Or Consequences
Ralph Edwards
21.3%
Show
Host
% Correct
Blind Date
Arlene Francis
21.3%
Duel
Mike Greenberg
21.3%
Sale Of The Century
Jack Kelly
21.3%
Lip Service
Jay Mohr
21.3%
Hole In The Wall
Mark Thompson
21.3%
Make The Grade
Robb Edward Morris
19.1%
Beat The Geeks
J. Keith van Straaten
19.1%
Off The Wall
Larry Zeno
19.1%
Battle Of The Ages
Morey Amsterdam
17%
Sex Wars
Jennifer Cole
17%
Idiot Savants
Greg Fitzsimmons
17%
1 vs. 100
Carrie Ann Inaba
17%
Minute To Win It
Apolo Ohno
17%
Hip Hop Squares
Peter Rosenberg
17%
Liar's Club
Eric Boardman
14.9%
Break The Bank
Joe Farago
14.9%
Idiotest
Ben Glieb
14.9%
Where In Time Is Carmen Sandiego?
Kevin Schinick
14.9%
College Bowl
Dick Cavett
12.8%
Slime Time
Marty Cohen
12.8%
Street Smarts
Frank Nicotero
12.8%
Lingo
Michael Reagan
12.8%
The Chamber
Rick Schwartz
12.8%
The Singing Office
Mel B
10.6%
The Money Maze
Nick Clooney
10.6%
Make Me Laugh
Mark Cohen
10.6%
Lingo
Ralph Andrews
8.5%
College Bowl
Robert Earle
8.5%
Temptation
Rossi Morreale
8.5%
Lip Service
John Ales
6.4%
Name That Video
Karyn Bryant
6.4%
Brains & Brawn
Mark-Paul Gosselaar
4.3%
Perfect Score
Arielle Kebbel
4.3%
Beat The Geeks
Blaine Capath
2.1%
Catch 21
Alfonso Riberio
2.1%
Quiz Playlist
Details
Report
Send in Message
Add To Playlist
More Info:
All answers are American-born game show hosts who hosted American game shows. Most answers from the mid-1960s and later.
Classic:
Type in answers that appear in a list
Random Order:
Randomize order of answers
Last Updated: Feb 16, 2017
Quiz Scoreboard
CHALLENGE
Sign Up to Join the Scoreboard
Show All
Scores
Hide
Comments
May contain spoilers
Recently Published
One Thing in Common: World Cities II
by knightlancer
Geography
7m
Popular People in 1961
by mucciniale
History
6m
1-10 Letter E Words III
by El_Dandy
Language
2m
More to Explore
Quiz From the Vault
Featured Blog Post
Where Did the Easter Bunny Come From?
hide this ad
You Might Also Like...
Tags
Show Quiz
America
host
one-time
Today's Top Quizzes in Television
Browse Television
hide this ad
Today's Top Quizzes in Show
Browse Show
Top Contributed Quizzes in Television
1
One Piece Logic Puzzle
2
Survivor Logic Puzzle: Heroes vs. Villains
3
Survivor Seasons
4
Survivor Season by Logo
5
Ultimate Survivor Logic Puzzle
6
Survivor Logic Puzzle: Winners at War
7
Survivor Trivia
8
Survivor Heroes vs. Villains Logic Puzzle
9
All US Survivor Seasons in Order
10
Emmerdale Characters (from August 2012)
Explore More
Trending Topics
NBA
Harry Potter
Disney
Crossword
Kpop
Anime
Marvel
Soccer
Pokémon
The Office
Song
NFL
WWE
Country
Puzzle
hide this ad
More By:
dc446
Quiz
Plays
Rating
Category
Featured
Created
Historical Headlines written as Clickbait
242
3.20
History
Apr 18, 2015
Hollywood Squares Center Squares
171
5.00
Television
Dec 25, 2014
The Indianapolis 500 Greatest 33
165
3.00
Sports
Dec 26, 2014
Ted Thompson's NFL Draft picks
137
3.00
Sports
Nov 3, 2014
IndyCar winners (2008-Present)
133
Sports
Nov 2, 2014
Go to Creator's Profile
Score Distribution
Quiz Creator Spotlight
dc446
Follow
Send a Message
Quizzes Created
-
Created Quiz Play Count
-
More By This Creator
Popular Quizzes Today
1
Find the US States - No Outlines Minefield
2
The Countries of the World
3
Popular People in 1961
4
Find the Countries of Europe - No Outlines Minefield
5
1-10 Letter E Words III
6
Find the US States
7
One Thing in Common: World Cities II
8
US States
More Television Quizzes
Acrostic Family Guy
Curator's Pick
Trending Quizzes
1-10 Letter F Words
1-10 Letter G Words
Risky Map Clicking: Next State Alphabetically
1-10 Letter F Words II
Risky Map Clicking: States by Unique Starting Letters
Recently Updated
Leaping Animals
pecheneg
Reality TV Shows (A-Z)
bhenderson79
Rickey Henderson's Hall of Fame Teammates
pecheneg
Champions League XIs: Arsenal
pecheneg
Quick Pick: Celebrities in WWE's Hall of Fame
aduchscher
A-Z Keypad Blitz II
pecheneg
Multiple Oscar Actors
pecheneg
Mystery Phrase Blitz: Oscar 'Best Actors'
pecheneg
F. Scott Fitzgerald Novels
LTH
Pick 3 Villains
ddd62291
Trending Topics
Crossword
Kpop
NBA
Harry Potter
Marvel
Disney
Anime
Country
Pokémon
WWE
Song
Soccer
Puzzle
The Office
NFL
Your Account Isn't Verified!
In order to create a playlist on Sporcle, you need to verify the email address you used during registration. Go to your
Sporcle Settings
to finish the process.
Report this User
Report this user for behavior that violates our
Community Guidelines
.
Details:
Send Report
Go to the Sporcle.com Mobile Site →
Comments